000 00839nam a2200265 i 4500
001 14400
003 ES-MaACL
005 20240521124628.0
007 t|
008 970808s1996 sp ||||0| spa j
020 _a84-344-8218-5 v. 1
040 _aM-BN
_bspa
_cM-BN
080 _a811.134.2'282
245 0 0 _aManual de dialectología hispánica /
_cdirector Manuel Alvar.
250 _a1ª ed.
260 _aBarcelona :
_bAriel,
_c1996.
300 _a2 v :
_bil ;
_c24 cm.
490 1 _aAriel lingüística
505 8 _aContiene: [V.1]. El español de América -- [V.2]. El español de España
650 1 4 _aLengua española-
_xDialectos.
_914136
700 1 _aAlvar, Manuel,
_d1923-2001
_920583
830 0 _aAriel lingüística
_9179613
852 _aES-MaACL
_jL-21678-79
_bR.127087
999 _c14400
_d14400